000
00325 a2200157 4500
001
57177
020
_a
8508057458
040
_c
Anchieta - Pituba
100
_a
Bandeira, Pedro
240
1
0
_a
Prova de fogo
_l
por
245
1
0
_a
Prova de fogo
300
_a
95
362
0
_a
1996
650
4
_a
Literatura juvenil
942
_c
BK
999
_c
57177
_d
57177